Quick Pick: French-Speaking African Countries Quiz Stats

 Plays Quiz Updated Feb 1, 2018

Challenge
Share
Tweet
Embed
Score 0/11 Timer 01:00
4 Plays Today
% Correct
Cote d'Ivoire
91.6%
Cameroon
79.5%
Senegal
73.4%
Burkina Faso
69%
Gabon
68.8%
Mali
67.3%
Central African Republic
65.5%
Equatorial Guinea
55%
Madagascar
53.4%
Togo
50.6%
Comoros
44%

Today's Daily Dose

Word Ladder
Aquatic Life

On This Day
August 21st II

You're not logged in!

Compare scores with friends on all Sporcle quizzes.
Join for Free
OR
Log In

You Might Also Like...

Show Comments

Extras

Top Quizzes Today


Score Distribution

Your Account Isn't Verified!

In order to create a playlist on Sporcle, you need to verify the email address you used during registration. Go to your Sporcle Settings to finish the process.

Report this User

Report this user for behavior that violates our Community Guidelines.

Details: